Factores pedagógicos de la inculturación /

Desde la perspectiva del análisis del discurso, se ha analizado una muestra de documentos de S.S. Juan Pablo II, que refieren aspectos medulares sobre las formas de desarrollar la inculturización

Bibliographic Details
Main Author: Sequeida, Julia
Format: Analitica de revista
Language:Spanish
Published: Santiago, Chile Pontificia Universidad Católica de Chile 2008
Subjects:

MARC

LEADER 00000cab a2200000 a 4500
001 026085
003 UAHC_CL
005 20180808114158.0
008 090427s2008 cl 000 spa
952 |0 0  |1 0  |2 ddc  |4 0  |6 BOL___INVEST__EDUC_02_08_000000000000000  |7 0  |8 COMP  |9 52874  |a BC  |b BC  |c General  |d 2017-08-03  |l 0  |o BOL. INVEST. EDUC.-02/08  |r 2018-01-17 00:00:00  |w 2017-08-03  |y REVA 
999 |c 26085  |d 26085 
040 |a UAHC_CL  |c UAHC_CL  |d UAHC_CL 
100 1 |a Sequeida, Julia 
245 1 0 |a Factores pedagógicos de la inculturación /  |c Julia Sequeida. 
260 |b Pontificia Universidad Católica de Chile  |c 2008  |a Santiago, Chile 
300 |a p. 187-200 
500 |a En: Boletín de investigación educacional, nº02, vol. 23, 2008. p. 187-200. ISSN 07172494. 
520 |a Desde la perspectiva del análisis del discurso, se ha analizado una muestra de documentos de S.S. Juan Pablo II, que refieren aspectos medulares sobre las formas de desarrollar la inculturización 
650 4 |a Inculturización 
650 4 |a Inculturización 
653 |a PEDAGOGIA EN EDUCACION BASICA 
773 0 |t Boletín de Investigación Educacional.  |w 025995 
900 |a BOL. INVEST. EDUC.-02/08 
942 |c REVA  |2 ddc